000 00610nam a22002172 4500
001 0000011815
005 20151217152101.0
008 090112s xx 000 0 eng d
020 _a0486267467 :
040 _aKABU
_cKABU
100 1 _aPurcell, Henry.
_@0000167830
245 1 0 _aDido and aeneas in full score /
_cHenry Purcell.
250 _a1st ed.
260 _aNew York :
_bDover,
_c1995.
300 _axxii, 89 p.
650 0 _aOperas
_xscores.
_@0000167831
650 0 _aDido
_xDrama.
_@0000167832
852 1 _9p500 KES
908 _a090112
950 _@1
999 _c8050
_d8050